Name the Olivia Rodrigo Song by the Lyric - Statistics

General Stats
  • This quiz has been taken 1,213 times
  • The average score is 12 of 15
Answer Stats
LYRIC ALBUM Answer % Correct
"It took you two weeks To go off and date her" SOUR traitor
96%
"'Cause you said forever, now I drive alone past your street" SOUR drivers license
95%
"And now you got me thinking Two plus two equals five" GUTS logical
86%
"I wanna meet his mom and tell her her son sucks, yeah" GUTS get him back!
82%
"And every girl I ever talked to told me you were bad, bad news You called them crazy, God, I hate the way I called them crazy too" GUTS vampire
82%
"Each time I step outsideIt's social suicide" GUTS ballad of a homeschooled girl
80%
"I should probably, probably not" GUTS bad idea right?
79%
"They say these are the golden years But I wish I could disappear" SOUR brutal
78%
"Well, I hope you know how proud I am you were created With the courage to unlearn all of their hatred" SOUR hope ur ok
77%
"And I am built like a mother and a total machine" GUTS all-american b****
75%
"Yeah, everything we broke, and all the trouble that we made But I say that I hate you with a smile on my face" SOUR favorite crime
75%
"'Cause let's be honest We kinda do sound the same" SOUR deja vu
74%
"You will never have to hurt the way you know that I do" SOUR good 4 u
73%
"I'm the love of your life until I make you mad" SOUR 1 step forward, 3 steps back
72%
"Yeah, I despise my rotten mind and how much it worships you" GUTS lacy
69%
No matching quizzes found
Score Distribution
Percent of People with Each Score
Percentile by Number Answered
Your Score History
You have not taken this quiz